Vínculos de imperio (Registro nro. 325652)

Detalles MARC
000 -ENCABEZADO
Número de control [NR] 01236nam a22002777a 4500
005 - FECHA Y HORA DE LA ÚLTIMA TRANSACCIÓN
control field 20250805090720.0
008 - DE LONGITUD FIJA DE DATOS DE ELEMENTOS - INFORMACIÓN GENERAL
Elementos de longitud fija [NR] 250805t ||||| |||| 00| 0 spa d
020 ## - NUMERO INTERNACIONAL NORMALIZADO PARA LIBROS [R]
Número Internacional Normalizado del libro [NR] 9789585005440 (impreso)
020 ## - NUMERO INTERNACIONAL NORMALIZADO PARA LIBROS [R]
Número Internacional Normalizado del libro [NR] 9789585005457 (ePub)
020 ## - NUMERO INTERNACIONAL NORMALIZADO PARA LIBROS [R]
Número Internacional Normalizado del libro [NR] 9789585005464 (pdf)
040 ## - FUENTE DE CATALOGACION [NR]
Agencia de catalogación original [NR] CO-BoUCM
Quien Cataloga David Moreno
Quien Clasifica David Moreno
041 ## - CODIGO DE IDIOMA [R]
Código de idioma para texto/pista de sonido o título separado [R] Español
245 00 - MENCION DE TITULO [NR]
Título [NR] Vínculos de imperio
Parte restante del título [NR] Proyecciones, confrontaciones e intercambios en el mundo hispanoamericano, siglo XVI-XVIII
Mención de responsabilidad, etc. [NR] Diana Bonenett Vélez, Juan David Montoya Guzmán y Nelson Fernando González Martínez
250 ## - MENCION DE EDICION [NR]
Mención de edición [NR] 1a.Ed
260 ## - PUBLICACION, DISTRIBUCION, ETC. (PIE DE IMPRENTA) [R]
Lugar de publicación, distribución, etc. [R] Bogotá, Colombia
Nombre del editor, distribuidor, etc. [R] Editorial Universidad del Rosario
Fecha de publicación, distribución, etc. [R] 2025
300 ## - DESCRIPCION FISICA [R]
Extensión [R] xxiii, 394 Paginas
Otros detalles físicos [NR] ilustraciones
650 14 - ASIENTO SECUNDARIO DE MATERIA - TERMINO TEMATICO [R]
Término temático o nombre geográfico como elemento de entrada [NR] Imperio español
Subdivisión general [R] Historia
Subdivisión geográfica [R] América Latina
9 (RLIN) 186441
650 14 - ASIENTO SECUNDARIO DE MATERIA - TERMINO TEMATICO [R]
Término temático o nombre geográfico como elemento de entrada [NR] Colonialismo
Subdivisión cronológica [R] Siglos xvi-xviii
Subdivisión geográfica [R] Hispanoamérica
9 (RLIN) 186442
651 ## - ASIENTO SECUNDARIO DE MATERIA - NOMBRE GEOGRAFICO [R]
Nombre geográfico [NR] España
Subdivisión general [R] Relaciones con américa
Subdivisión cronológica [R] Siglos xvi-xviii
9 (RLIN) 186443
700 1# - ASIENTO SECUNDARIO - NOMBRE PERSONAL [R]
Nombre personal [NR] Bonenett Vélez, Diana
Término de relación [R] editor
9 (RLIN) 186444
700 1# - ASIENTO SECUNDARIO - NOMBRE PERSONAL [R]
Nombre personal [NR] Montoya Guzmán, Juan David
Término de relación [R] editor
9 (RLIN) 86207
700 1# - ASIENTO SECUNDARIO - NOMBRE PERSONAL [R]
Nombre personal [NR] González Martínez, Nelson Fernando
Término de relación [R] editor
9 (RLIN) 61878
710 ## - ASIENTO SECUNDARIO - NOMBRE CORPORATIVO [R]
Nombre corporativo o de jurisdicción como elemento de entrada [NR] Universidad del Rosario
9 (RLIN) 28209
942 ## - ELEMENTOS DE ENTRADA AGREGADOS (KOHA)
Sistema de clasificación DEWEY
Tema principal Ciencia política
Tipo de ítem principal el descrito en 300a Libro
Edición 1
Clasificación 325.3
Parte restante de la signatura top. B717v
Título oculto en OPAC No
Existencias
Total préstamos Signatura topográfica Código de barras Última vez visto Ejemplar Price effective from Tipo de ítem Perdido Sistema de clasificación Dañado No prestable Tipo de ítem específico Suprimido Ubicación habitual Ubicación actual Localización Fecha de creación Forma de adquisición Costo
  325.3 B717v 100174253 03/12/2025 Ej.1 05/08/2025 Edición Rosarista   DEWEY     Libro Edición Rosarista   Claustro Claustro 4to piso 05/08/2025 Compra 90000.00
  325.3 B717v 100174255 03/12/2025 Ej.2 05/08/2025 Libro   DEWEY     Libro   Claustro Claustro 2do piso 05/08/2025 Compra 90000.00
  325.3 B717v 100174254 03/12/2025 Ej.3 05/08/2025 Libro   DEWEY     Libro   Claustro Claustro 2do piso 05/08/2025 Compra 90000.00